A rural village like no other (Record no. 118437)

MARC details
000 -LEADER
fixed length control field 00965cam a2200241 4500
001 - CONTROL NUMBER
control field ABS68527
008 - FIXED-LENGTH DATA ELEMENTS--GENERAL INFORMATION
fixed length control field 041213n2004 000 0 eng u
035 ## - SYSTEM CONTROL NUMBER
System control number (Sirsi) u128283
100 ## - MAIN ENTRY--PERSONAL NAME
Personal name Norwood, G.
245 #2 - TITLE STATEMENT
Title A rural village like no other
260 ## - PUBLICATION, DISTRIBUTION, ETC.
Date of publication, distribution, etc. 2004
490 ## - SERIES STATEMENT
Series statement Estates Gazette
Volume/sequential designation (0448) 27 November 2004, 121-122(2)
520 ## - SUMMARY, ETC.
Summary, etc. Reviews the progress of Poundbury, the Prince of Wales' sustainable development project on a 420 acre site on the western edge of Dorchester, from the appointment of masterplanner Leo Krier in 1988 to create the vision to the commencement of construction in 1993 and towards its completion in 2011 as a live/work community of 2 250 dwellings and 65 000m2 of employment space.
590 ## - LOCAL NOTE (RLIN)
Local note ABS
590 ## - LOCAL NOTE (RLIN)
Local note ABS
650 ## - SUBJECT ADDED ENTRY--TOPICAL TERM
Topical term or geographic name entry element POUNDBURY
650 ## - SUBJECT ADDED ENTRY--TOPICAL TERM
Topical term or geographic name entry element LIVE/WORK CONCEPT
650 ## - SUBJECT ADDED ENTRY--TOPICAL TERM
Topical term or geographic name entry element DESIGN STANDARDS
650 ## - SUBJECT ADDED ENTRY--TOPICAL TERM
Topical term or geographic name entry element MASTERPLANS
650 ## - SUBJECT ADDED ENTRY--TOPICAL TERM
Topical term or geographic name entry element DORCHESTER
690 ## - LOCAL SUBJECT ADDED ENTRY--TOPICAL TERM (OCLC, RLIN)
Topical term or geographic name as entry element DEVELOPMENT-SUSTAINABLE
942 ## - ADDED ENTRY ELEMENTS (KOHA)
Suppress in OPAC 0
Holdings
Withdrawn status Lost status Source of classification or shelving scheme Damaged status Not for loan Home library Current library Shelving location Date acquired Total Checkouts Full call number Barcode Date last seen Copy number Price effective from Koha item type
    Dewey Decimal Classification     London London Journal article 13/12/2004   ABS68527 128283-1001 06/08/2019 1 06/08/2019 Journal article